5 Largest Cities/Towns by Massachusetts County - Statistics

General Stats
  • This quiz has been taken 33 times
  • The average score is 32 of 66
Answer Stats
Population Answer % Correct
Worcester 208k Worcester
96%
Middlesex 118k Cambridge
87%
Nantucket 14k Nantucket
87%
Plymouth 65k Plymouth
87%
Middlesex 114k Lowell
83%
Norfolk 102k Quincy
83%
Hampden 154k Springfield
83%
Barnstable 50k Barnstable
78%
Bristol 94k Fall River
78%
Bristol 101k New Bedford
78%
Essex 101k Lynn
74%
Berkshire 43k Pittsfield
74%
Plymouth 105k Brockton
70%
Middlesex 72k Framingham
70%
Essex 67k Haverhill
70%
Essex 88k Lawrence
70%
Middlesex 80k Somerville
70%
Bristol 63k Taunton
70%
Bristol 47k Attleboro
61%
Hampden 55k Chicopee
61%
Middlesex 88k Newton
61%
Norfolk 59k Weymouth
61%
Barnstable 33k Falmouth
57%
Berkshire 12k North Adams
57%
Hampshire 29k Northampton
57%
Suffolk 58k Revere
57%
Barnstable 20k Sandwich
57%
Berkshire 8k Adams
52%
Barnstable 20k Bourne
52%
Barnstable 25k Yarmouth
52%
Hampshire 40k Amherst
48%
Norfolk 38k Braintree
43%
Dukes 5.3k Edgartown
43%
Hampden 38k Holyoke
43%
Worcester 44k Leominster
43%
Dukes 5.4k Oak Bluffs
43%
Essex 54k Peabody
43%
Norfolk 63k Brookline
39%
Worcester 42k Fitchburg
39%
Franklin 18k Greenfield
39%
Essex 53k Methuen
39%
Dukes 4.9k Tisbury
39%
Hampden 28k West Springfield
39%
Bristol 33k Dartmouth
35%
Suffolk 53k Roxbury
35%
Dukes 4k West Tisbury
35%
Suffolk 61k Dorchester
30%
Berkshire 7.2k Great Barrington
30%
Plymouth 26k Marshfield
30%
Norfolk 34k Randolph
30%
Worcester 39k Shrewsbury
30%
Berkshire 7.3k Williamstown
30%
Plymouth 29k Bridgewater
26%
Suffolk 46k Brighton
26%
Dukes 1k Chilmark
26%
Franklin 5k Deerfield
26%
Hampshire 16k Easthampton
26%
Suffolk 41.3k Jamaica Plain
26%
Plymouth 25k Middleborough
17%
Worcester 30k Milford
17%
Franklin 7.6k Orange
17%
Hampshire 18k South Hadley
17%
Hampden 41k Westfield
17%
Hampshire 15k Belchertown
13%
Franklin 8.4k Montague
9%
Franklin 4k Sunderland
4%
No matching quizzes found
Score Distribution
Percent of People with Each Score
Percentile by Number Answered
Your Score History
You have not taken this quiz